MDQL
is popping MORE tags! Check the
thread
!
Quizzes
Events
Quiz Creation
Community
Videos
Private Events
Remove Ads
Sign In
Join for FREE
Feedback
Dark Mode
Quiz Categories
Sports
Geography
Music
Movies
Television
Just For Fun
Miscellaneous
History
Literature
Language
Science
Gaming
Entertainment
Religion
Holiday
For Kids
Quiz Lab
Recent
Popular Today
Quiz Kudos Today
Editor Picks
Curator Picks
Quizzes by...
Day
Popularity
Type
Ratings
Length
Year
Community
Subscriptions
Recent Discussions
Orange Saloon
Badges
Playlists
Quests
Create
Leaderboards
Showdown
Live 5
Trivia Bingo
Activity
Puzzle Library
Sporcle Events
Private Events
Virtual Trivia
Globe League
Become a Host
Pub Owners
SporcleCon
Opinionation
Our Games
Videos
Blog
Mobile Apps
Partnerships
Remove Ads and Go Orange
Feedback
Sports
Athletes
MLB
NBA
NHL
NFL
Soccer
Sports Teams
WWE
NCAA
Football
Premier League
Basketball
Baseball
Hockey
Golf
Tennis
Cricket
Rugby
Auto Racing
Olympics
World Cup
Sports
Athletes
MLB
NBA
NHL
NFL
Soccer
Sports Teams
WWE
NCAA
Football
Premier League
Basketball
Baseball
Hockey
Golf
Tennis
Cricket
Rugby
Auto Racing
Olympics
World Cup
Random Quiz
Search Sporcle
×
Quiz Lab
Quiz Lab
Sports
NCAA
Type in answers that appear in a list
Type in answers that appear in a list
Classic
Best Score? Go Orange.
NCAA Football Championships (ALL DIV's) Stats
Can you name the NCAA Football Championships in all Divisions (I, II, III)?
By
greenchaos
15m
113 Questions
996 Plays
996 Plays
996 Plays
Comments
Comments
Give Quiz Kudos
Give Quiz Kudos
-
- Ratings
hide this ad
More Info
Replay
Link that replays current quiz
Next Quiz
Link to next quiz in quiz playlist
You Got
0%
They Got
Avg Score
64%
Avg Friend Score
Upgrade to see
Score Distribution
Jump to the score distribution portion of the page
Score
0/113
Timer
15:00
0
Plays Today
Champs
School Name
% Correct
15 (FBS)
Alabama Crimson Tide
95.3%
4 (FBS)
Texas Longhorns
92.4%
3 (FBS)
Florida Gators
92.2%
11 (FBS)
Michigan Wolverines
91.9%
11 (FBS)
USC Trojans
91.9%
1 (FBS*)
Ohio Bobcats
90.7%
8 (FBS)
Ohio State Buckeyes
90.1%
5 (FBS)
Georgia Bulldogs
89.4%
7 (FBS)
Oklahoma Sooners
89.3%
11 (FBS)
Notre Dame Fighting Irish
88.9%
3 (FBS)
Florida State Seminoles
88.2%
1 (FBS)
UCLA Bruins
88%
5 (FBS)
Miami Hurricanes
87.9%
7 (FCS*)
Penn Quakers
86.2%
3 (FBS)
LSU Tigers
85.5%
5 (FBS)
Auburn Tigers
85.4%
6 (FBS)
Michigan State Spartans
85.1%
6 (FBS)
Tennessee Volunteers
84.8%
27 (FCS*)
Yale Bulldogs
84.5%
7 (FCS*)
Harvard Crimson
83.6%
2 (FBS)
Washington Huskies
83.6%
7 (FBS)
Minnesota Golden Gophers
83.5%
5 (FBS)
Nebraska Cornhuskers
83.5%
9 (FBS)
Pittsburgh Panthers
82.2%
4 (FBS)
Georgia Tech Yellow Jackets
82.1%
2 (FBS)
Penn State Nittany Lions
82.1%
3 (FBS)
Texas A&M Aggies
82.1%
5 (FBS)
California Golden Bears
82%
1 (FCS*)
North Dakota Fighting Sioux
81.1%
1 (FBS)
Colorado Buffaloes
80.2%
28 (FCS*)
Princeton Tigers
80.1%
5 (FBS)
Illinois Fightin' Illini
79.3%
2 (FBS)
Stanford Cardinal
79.3%
12 (FCS*)
North Dakota State Bison
78.5%
1 (FBS)
Arkansas Razorbacks
78.5%
1 (FBS)
Clemson Tigers
78.5%
3 (FBS)
Army Black Knights
77.6%
3 (FBS)
Ole Miss Rebels
77.2%
Champs
School Name
% Correct
1 (FBS)
Iowa Hawkeyes
76.7%
11 (Div III)
Mount Union Purple Raiders
76.1%
1 (FBS)
BYU Cougars
75%
1 (FBS)
Navy
74.7%
1 (FBS)
Syracuse Orange
74.2%
2 (FCS)
Montana Grizzlies
73.3%
1 (FBS)
Maryland Terrapins
73.2%
6 (Div III)
Wisconsin-Whitewater Warhawks
72.7%
2 (FBS)
TCU Horned Frogs
72.4%
5 (FCS*)
Cornell Big Red
71.3%
1 (FBS*)
Boise State Broncos
70.6%
1 (FCS*)
Dartmouth Big Green
69.2%
1 (FBS)
Kentucky Wildcats
67.9%
6 (FCS)
Georgia Southern Eagles
67.7%
3 (FCS)
Appalachian State Mountaineers
67.3%
3 (FBS)
SMU Mustangs
66.6%
2 (FBS*)
Marshall Thundering Herd
65.5%
1 (FCS)
Villanova Wildcats
65.5%
2 (FCS*)
Montana State Bobcats
65.2%
1 (Div III)
Central (Iowa) Dutch
63.4%
5 (FCS*)
Delaware Fightin' Blue Hens
62%
1 (FCS)
Massachusetts Minutemen
61.8%
1 (FBS)
Boston College Eagles
61.6%
1 (FCS)
Idaho State Bengals
60.6%
1 (FBS*)
Western Kentucky Hilltoppers
60.5%
4 (FCS)
Youngstown State Penguins
60.1%
1 (FCS)
Eastern Washington Eagles
59.1%
2 (Div III)
St. John's (Minn) Johnnies
57%
1 (FCS)
Richmond Spiders
56.7%
4 (Div II)
Grand Valley State Lakers
56.6%
1 (FCS)
Southern Illinois Salukis
55.8%
1 (FCS)
James Madison Dukes
55.6%
3 (Div II)
Pittsburg State Gorillas
55.5%
3 (FBS*)
San Diego State Aztecs
55.1%
2 (FCS*)
Dayton Flyers
55%
2 (FCS)
Eastern Kentucky Colonels
53.6%
1 (FBS*)
Louisiana-Monroe Warhawks
52.9%
1 (FBS*)
Bowling Green Falcons
52.8%
Champs
School Name
% Correct
2 (FCS*)
Florida A&M Rattlers
52.5%
2 (Div II)
Minnesota-Duluth Bulldogs
52.1%
2 (FBS*)
Troy Trojans
52.1%
3 (Div II)
North Alabama Lions
52%
2 (FBS*)
Louisiana Tech Bulldogs
52%
1 (FBS*)
Central Michigan Chippewas
52%
1 (FBS*)
Northern Illinois Huskies
51.8%
4 (Div II)
Northwest Missouri State Bearcats
51.7%
2 (Div III*)
Chicago Maroons
51%
2 (FCS*)
Texas State Bobcats
50.8%
3 (Div II)
Valdosta State Blazers
50.3%
1 (FCS*)
Eastern Illinois Panthers
50.2%
1 (FCS*)
Lehigh Mountain Hawks
50%
2 (FBS*)
Southern Miss Golden Eagles
48.5%
1 (FCS)
Furman Paladins
48.5%
3 (FCS)
Lafayette Leopards
48.3%
1 (FBS*)
Arkansas State Red Wolves
48.3%
2 (FCS*)
Northern Colorado Bears
47.8%
1 (Div III)
Linfield Wildcats
47.2%
1 (FCS*)
Jacksonville State Gamecocks
46.5%
1 (Div II)
Northern Michigan Wildcats
46%
2 (Div III)
Wisconsin-La Crosse Eagles
45.2%
3 (Div III*)
Wittenberg Tigers
45.1%
1 (Div II*)
West Georgia Wolves
43.5%
4 (Div III)
Augustana (Ill.) Vikings
43%
1 (FCS*)
Tennessee State Tigers
42.4%
1 (Div III)
Allegheny Gators
41.4%
1 (Div III)
Pacific Lutheran Lutes
41.4%
1 (FCS*)
Cal Poly Mustangs
41.2%
1 (Div III)
Albion Britons
41%
1 (Div II)
Delta State Statesman
40.5%
2 (Div III)
Widener Pride
38.8%
1 (FCS*)
Wagner Seahawks
38.2%
3 (Div III)
Ithaca Bombers
36.5%
1 (Div III)
Baldwin-Wallace Yellow Jackets
36.3%
1 (Div II)
CSU-Pueblo Thunderwolves
32%
1 (Div II)
Cal State, Los Angeles Golden Eagles
31%
Quiz Playlist
Details
Report
Send in Message
Add To Playlist
More Info:
This list is of Claimed National Championships by School. (*)Means one or more championship was won in a different division.
Classic:
Type in answers that appear in a list
Quiz Source
Last Updated: Jan 28, 2019
Quiz Scoreboard
CHALLENGE
Sign Up to Join the Scoreboard
Show All
Scores
Hide
Comments
May contain spoilers
Recently Published
Image Sorting: Flags VI
by Barbecue
Geography
2m
Find the 'City' Movie
by crazypaving
Movies
60s
Colored Red Africa Blitz
by spor1
Geography
45s
More to Explore
Quiz From the Vault
Featured Blog Post
14 Easter Pick-up Lines to Find Eggs With
hide this ad
You Might Also Like...
Tags
NCAA Quiz
D1 Football
FBS
FCS
Today's Top Quizzes in Sports
Browse Sports
hide this ad
Today's Top Quizzes in NCAA
Browse NCAA
Top Contributed Quizzes in Sports
1
Les meilleurs buteurs des matchs entre le PSG et l’OM
2
Les entraîneurs de l'OM et du PSG au 21e siècle
3
Les joueurs passés par le PSG et l'OM
4
2022 World Cup Stars
5
Players with Multiple 50 Home Run Seasons
6
Criteria MLB: Left Handed Sluggers
7
Les joueurs passés par le LOSC et le RC Lens
8
NBA Logic Puzzle 2.0
9
MLB Players with Two .350 Batting Average Seasons
10
FIFA Club World Cup Champions
Explore More
Trending Topics
Kpop
Disney
NBA
Harry Potter
Anime
Marvel
Crossword
WWE
NFL
Country
Puzzle
Song
Soccer
The Office
Pokémon
hide this ad
More By:
greenchaos
Quiz
Plays
Rating
Category
Featured
Created
NCAA Football Championships (ALL DIV's)
996
5.00
Sports
Feb 16, 2011
Facts about North Dakota
400
5.00
Geography
Feb 25, 2011
North Dakota State University Facts
321
4.00
Just For Fun
Oct 29, 2009
North Dakota I-94 Exits
200
4.00
Geography
Mar 21, 2011
Fargo-Moorhead Facts
141
3.00
Geography
Mar 19, 2012
Go to Creator's Profile
Score Distribution
Quiz Creator Spotlight
greenchaos
Follow
Send a Message
Quizzes Created
-
Created Quiz Play Count
-
More By This Creator
Popular Quizzes Today
1
Colored Red Africa Blitz
2
Find the US States - No Outlines Minefield
3
Find the 'City' Movie
4
5x2 Blitz: Bands
5
The Countries of the World
6
Find the US States
7
Find the Countries of Europe - No Outlines Minefield
8
US States
More Sports Quizzes
Sports Logo by State
Curator's Pick
Trending Quizzes
Colored Red Europe Blitz I
Colored Red Europe Blitz II
Colored Red Africa Blitz II
Colored Red Europe Blitz III
Colored Red Africa Blitz III
Recently Updated
How Do You Spell That?
pecheneg
Godzilla Movies
pecheneg
Grab Bag: 4-10 Letters
pecheneg
2024 March Madness Bracket
pecheneg
Famous TV Couples
Peacemaker
Champions League XIs: Real Madrid
pecheneg
Largest US Cities 1790-2010
pecheneg
Rides in Walt Disney World
pecheneg
Most Oscar Losses (Acting)
pecheneg
Beyoncé Albums
pecheneg
Trending Topics
Harry Potter
Anime
Marvel
Crossword
Kpop
NBA
Disney
WWE
The Office
Song
Pokémon
Puzzle
NFL
Country
Soccer
Your Account Isn't Verified!
In order to create a playlist on Sporcle, you need to verify the email address you used during registration. Go to your
Sporcle Settings
to finish the process.
Report this User
Report this user for behavior that violates our
Community Guidelines
.
Details:
Send Report
Go to the Sporcle.com Mobile Site →
Comments